000 00286nam a2200121Ia 4500
008 240731s9999 xx 000 0 und d
022 _a1091-7683
245 0 _aDeath Studies
260 _bRoutledge
856 _uhttps://www.tandfonline.com/loi/udst20
942 _2ddc
942 _cTFEJ
999 _c76221
_d76221
945 _a1
_bMadushi Gamage
_c1
_dMadushi Gamage